| 000 | 00387nam a2200169Ia 4500 | ||
|---|---|---|---|
| 008 | 180207s9999 xx 000 0 und d | ||
| 020 | _a9780789478894 | ||
| 050 | _bD586 2001 | ||
| 245 | _aDinosaur / | ||
| 260 | _aUnited States : | ||
| 260 | _bDK Publishing Inc., | ||
| 260 | _c2001 | ||
| 300 | _aunpaged : | ||
| 300 | _bcolor illustration ; | ||
| 300 | _c17cm. | ||
| 440 | _aDK. | ||
| 999 |
_c355730 _d355730 |
||